000 00292cam a22001097a 4500
008 180718b1959 xxu||||| |||| 00| 0 eng d
082 _aJ71x57 T448
100 _aTikhomirov, M.
245 _aThe towns of ancient
_cby M. Tikhomirov
260 _aMoscow
_bForeign languages
_c1959
300 _a502p
999 _c410000
_d410000